[Event "HUN-chT2 Szechenyi 1617"]
[Site "Hungary"]
[Date "2016.12.11"]
[Round "6"]
[White "Bakos, Balazs1111"]
[Black "Pal, Csanad"]
[Result "1/2-1/2"]
[WhiteElo "1819"]
[BlackElo "1886"]
[PlyCount "25"]
[EventDate "2016.09.25"]
[EventType "team-tourn"]
[EventRounds "11"]
[EventCountry "HUN"]
[SourceTitle "EXT 2021"]
[Source "ChessBase"]
[SourceDate "2020.10.23"]
[SourceVersion "1"]
[SourceVersionDate "2020.10.23"]
[SourceQuality "1"]
[WhiteTeam "Tapolca VSE II"]
[BlackTeam "Haladas Szombathely III"]
[WhiteTeamCountry "HUN"]
[BlackTeamCountry "HUN"]

1. e4 e5 2. Nf3 Nc6 3. d4 exd4 4. Nxd4 Bc5 5. Nb3 Bb6 6. Nc3 Qf6 7. Qe2 Nge7 8. Be3 Bxe3 9. Qxe3 d6 10. 0-0-0 a6 11. f4 Bd7 12. g3 Qh6 13. Re1 1/2-1/2

[Event "HUN-chT2 Szechenyi 1415"]
[Site "Hungary"]
[Date "2015.03.01"]
[Round "9.10"]
[White "Pal, Csanad"]
[Black "Barasits, Balint"]
[Result "1-0"]
[WhiteElo "1887"]
[BlackElo "1553"]
[PlyCount "49"]
[EventDate "2014.09.07"]
[EventType "team-tourn"]
[EventRounds "11"]
[EventCountry "HUN"]
[SourceTitle "EXT 2016"]
[Source "ChessBase"]
[SourceDate "2015.10.08"]
[SourceVersion "1"]
[SourceVersionDate "2015.10.08"]
[SourceQuality "1"]
[WhiteTeam "HVSE Infraplan"]
[BlackTeam "Arboretum"]
[WhiteTeamCountry "HUN"]
[BlackTeamCountry "HUN"]

1. e4 e5 2. Nf3 Nf6 3. Nxe5 d6 4. Nf3 Nxe4 5. d4 d5 6. Be2 Bd6 7. Nbd2 0-0 8. 0-0 Re8 9. c3 Nd7 10. Re1 Ndf6 11. h3 Bf5 12. Nf1 c6 13. Bd3 Qd7 14. Ne5 Qc8 15. f3 Nc5 16. Bxf5 Qxf5 17. Ng3 Qc8 18. Bg5 Bxe5 19. dxe5 Nfd7 20. Nf5 Qc7 21. f4 Ne4 22. Qg4 Nf8 23. Rxe4 dxe4 24. Bf6 g6 25. Nh6# 1-0

[Event "SVK-ch op"]
[Site "Banska Stiavnica"]
[Date "2013.07.10"]
[Round "5"]
[White "Laho, Maros"]
[Black "Pal, Csanad"]
[Result "1-0"]
[WhiteElo "2029"]
[BlackElo "1878"]
[PlyCount "65"]
[EventDate "2013.07.06"]
[EventType "swiss"]
[EventRounds "9"]
[EventCountry "SVK"]
[SourceTitle "CBM 155 Extra"]
[Source "ChessBase"]
[SourceDate "2013.08.26"]
[SourceVersion "1"]
[SourceVersionDate "2013.08.26"]
[SourceQuality "1"]

1. Nf3 Nf6 2. c4 e6 3. g3 d5 4. b3 g6 5. Bb2 Bg7 6. Bg2 0-0 7. d3 c5 8. 0-0 Nc6 9. e3 b6 10. Nc3 Bb7 11. a3 Qe7 12. Qe2 Rad8 13. Rab1 Rd7 14. Ne1 Rfd8 15. h3 Na5 16. Qc2 Ne8 17. cxd5 exd5 18. b4 cxb4 19. axb4 d4 20. bxa5 Bxg2 21. Kxg2 dxc3 22. Bxc3 Rc7 23. d4 bxa5 24. Qb2 Qe4+ 25. Kh2 Rdd7 26. Ra1 Nd6 27. Bxa5 Rb7 28. Qc2 Qd5 29. Nd3 Rb5 30. Nf4 Qg5 31. h4 Qh6 32. Qc6 Rbb7 33. Rfb1 1-0

[Event "SVK-ch op"]
[Site "Banska Stiavnica"]
[Date "2013.07.09"]
[Round "4"]
[White "Pal, Csanad"]
[Black "Toma, Rudolf"]
[Result "1/2-1/2"]
[WhiteElo "1878"]
[BlackElo "2068"]
[PlyCount "122"]
[EventDate "2013.07.06"]
[EventType "swiss"]
[EventRounds "9"]
[EventCountry "SVK"]
[SourceTitle "CBM 155 Extra"]
[Source "ChessBase"]
[SourceDate "2013.08.26"]
[SourceVersion "1"]
[SourceVersionDate "2013.08.26"]
[SourceQuality "1"]

1. e4 c5 2. Nf3 Nc6 3. d4 cxd4 4. Nxd4 e5 5. Nb5 d6 6. c4 Be7 7. N1c3 a6 8. Na3 f5 9. exf5 Bxf5 10. Bd3 Be6 11. Qh5+ Bf7 12. Qg4 g6 13. Nc2 Nf6 14. Qe2 0-0 15. 0-0 Qb6 16. Be3 Qc7 17. f4 exf4 18. Bxf4 Ne5 19. b3 b5 20. Ne3 Nxd3 21. Qxd3 bxc4 22. bxc4 Qc5 23. Kh1 Qa3 24. Rad1 Kg7 25. Qd4 Qc5 26. Bxd6 Qxd4 27. Rxd4 Bxd6 28. Rxd6 Bxc4 29. Nxc4 Ne4 30. Rd7+ Kg8 31. Re1 Nxc3 32. h3 Rf7 33. Rxf7 Kxf7 34. Nd6+ Kf6 35. Ne4+ Nxe4 36. Rxe4 Kf5 37. Ra4 a5 38. Kh2 Ra7 39. g4+ Ke5 40. Kg3 Kd5 41. Kh4 Kc5 42. Kg5 Kb5 43. Re4 a4 44. a3 Rf7 45. Re5+ Kc4 46. Re4+ Kb3 47. Re3+ Kb2 48. h4 Rb7 49. h5 gxh5 50. gxh5 Rb3 51. Re5 Rxa3 52. Kh6 Rg3 53. Kxh7 a3 54. Rb5+ Kc3 55. Ra5 Kb4 56. Ra8 Rg2 57. h6 a2 58. Kh8 Kb3 59. h7 Rg4 60. Ra3+ Kb2 61. Rxa2+ Kxa2 1/2-1/2

[Event "SVK-ch op"]
[Site "Banska Stiavnica"]
[Date "2013.07.07"]
[Round "2"]
[White "Pal, Csanad"]
[Black "Jancsy, Peter"]
[Result "1-0"]
[WhiteElo "1878"]
[BlackElo "1613"]
[PlyCount "61"]
[EventDate "2013.07.06"]
[EventType "swiss"]
[EventRounds "9"]
[EventCountry "SVK"]
[SourceTitle "CBM 155 Extra"]
[Source "ChessBase"]
[SourceDate "2013.08.26"]
[SourceVersion "1"]
[SourceVersionDate "2013.08.26"]
[SourceQuality "1"]

1. e4 e5 2. Nf3 Nf6 3. d4 exd4 4. e5 Qe7 5. Be2 Nd5 6. Qxd4 Qb4+ 7. c3 Qxd4 8. Nxd4 a6 9. Nd2 Bc5 10. N2b3 Bxd4 11. Nxd4 0-0 12. 0-0 c5 13. Nf5 Nc6 14. f4 Nde7 15. Nd6 f6 16. Bc4+ Kh8 17. Nf7+ Kg8 18. exf6 Rxf7 19. Bxf7+ Kxf7 20. fxe7 Nxe7 21. Be3 d6 22. Rad1 Nf5 23. Bf2 h5 24. Rfe1 Be6 25. b3 a5 26. Rb1 Ne7 27. c4 b6 28. Rbd1 Rd8 29. Bh4 Rd7 30. Bxe7 Kxe7 31. f5 1-0

[Event "HUN-chT2 Szechenyi 1112"]
[Site "Hungary"]
[Date "2011.11.13"]
[Round "3.8"]
[White "Pal, Csanad"]
[Black "Magyar, Jozsef"]
[Result "1-0"]
[WhiteElo "1845"]
[BlackElo "1969"]
[PlyCount "59"]
[EventDate "2011.09.25"]
[EventType "team-tourn"]
[EventRounds "11"]
[EventCountry "HUN"]
[SourceTitle "EXT 2013"]
[Source "ChessBase"]
[SourceDate "2012.11.22"]
[SourceVersion "1"]
[SourceVersionDate "2012.11.22"]
[SourceQuality "1"]
[WhiteTeam "Haladas"]
[BlackTeam "Pet"]
[WhiteTeamCountry "HUN"]
[BlackTeamCountry "HUN"]

1. e4 c6 2. d4 d5 3. Nd2 dxe4 4. Nxe4 Bf5 5. Ng3 Bg6 6. h4 h6 7. Nf3 Nf6 8. h5 Bh7 9. Bd3 Nbd7 10. Bxh7 Nxh7 11. Bf4 e6 12. Qe2 Be7 13. 0-0-0 Nb6 14. Kb1 Qd5 15. Ne5 Bg5 16. Bxg5 Nxg5 17. f4 Nh7 18. f5 0-0 19. c4 Qd8 20. fxe6 fxe6 21. Ng6 Re8 22. Rhf1 Qc7 23. Ne4 Rad8 24. c5 Nc8 25. g4 Rd5 26. Rf3 Qd8 27. Rdf1 Rxd4 28. g5 Qd5 29. Nc3 Qxg5 30. Qxe6+ 1-0

[Event "HUN-chT2 Szechenyi 1011"]
[Site "Hungary"]
[Date "2011.04.10"]
[Round "8.6"]
[White "Bakos, Nandor"]
[Black "Pal, Csanad"]
[Result "1/2-1/2"]
[WhiteElo "1929"]
[BlackElo "1832"]
[PlyCount "118"]
[EventDate "2010.09.12"]
[EventType "team-tourn"]
[EventRounds "11"]
[EventCountry "HUN"]
[SourceTitle "EXT 2012"]
[Source "ChessBase"]
[SourceDate "2011.11.24"]
[SourceVersion "1"]
[SourceVersionDate "2011.11.24"]
[SourceQuality "1"]
[WhiteTeam "Tapolca"]
[BlackTeam "HVSE Infraplan"]
[WhiteTeamCountry "HUN"]
[BlackTeamCountry "HUN"]

1. e4 e5 2. Nf3 Nc6 3. d4 exd4 4. Nxd4 Bc5 5. Nxc6 Qf6 6. Qd2 dxc6 7. Bd3 Ne7 8. 0-0 Ng6 9. Qg5 Qxg5 10. Bxg5 0-0 11. Kh1 h6 12. Bd2 Ne5 13. Be2 Ng4 14. Be1 Be6 15. h3 Ne5 16. f4 Bc4 17. Nc3 Bxe2 18. Nxe2 Nc4 19. Bc3 Ne3 20. Rfc1 Rad8 21. Ng3 Bd4 22. Nf1 Bxc3 23. bxc3 Nxf1 24. Rxf1 Rd2 25. Rac1 Rfd8 26. Rf3 b5 27. c4 b4 28. c5 R8d4 29. Re3 Rc4 30. a3 a5 31. axb4 axb4 32. f5 f6 33. e5 fxe5 34. Rxe5 Rdxc2 35. Rxc2 Rxc2 36. Re8+ Kf7 37. Rb8 Rxc5 38. Rxb4 Rxf5 39. Rb7 c5 40. Rxc7+ Kf6 41. g4 Rd5 42. Kg2 g6 43. Rc6+ Kg5 44. h4+ Kxg4 45. Rxg6+ Kxh4 46. Rxh6+ Kg4 47. Kf2 Kf4 48. Ke2 Ke4 49. Rh4+ Ke5 50. Rh5+ Kd4 51. Rxd5+ Kxd5 52. Kd3 c4+ 53. Kc3 Kc5 54. Kc2 Kb4 55. Kb2 c3+ 56. Kc2 Kc4 57. Kc1 Kd3 58. Kd1 c2+ 59. Kc1 Kc3 1/2-1/2

[Event "HUN-chT U18"]
[Site "Miskolc"]
[Date "2010.11.03"]
[Round "3.10"]
[White "Halmi, Bence"]
[Black "Pal, Csanad"]
[Result "1-0"]
[WhiteElo "2080"]
[BlackElo "1823"]
[PlyCount "30"]
[EventDate "2010.11.02"]
[EventType "team-swiss"]
[EventRounds "8"]
[EventCountry "HUN"]
[SourceTitle "EXT 2016"]
[Source "ChessBase"]
[SourceDate "2015.10.08"]
[SourceVersion "1"]
[SourceVersionDate "2015.10.08"]
[SourceQuality "1"]

1. e4 e5 2. Nf3 Nc6 3. Nc3 Nf6 4. d4 exd4 5. Nxd4 Bb4 6. Nxc6 Bxc3+ 7. bxc3 bxc6 8. Bd3 h6 9. 0-0 d6 10. Bf4 Bg4 11. Qd2 Nh5 12. Be3 Qh4 13. f4 0-0 14. f5 Rfe8 15. Bf2 Qg5 1-0

[Event "HUN-chT2 Szechenyi 1011"]
[Site "Hungary"]
[Date "2010.09.12"]
[Round "1.8"]
[White "Hagymasi, Janos"]
[Black "Pal, Csanad"]
[Result "0-1"]
[WhiteElo "2018"]
[BlackElo "1832"]
[PlyCount "58"]
[EventDate "2010.09.12"]
[EventType "team-tourn"]
[EventRounds "11"]
[EventCountry "HUN"]
[SourceTitle "EXT 2012"]
[Source "ChessBase"]
[SourceDate "2011.11.24"]
[SourceVersion "1"]
[SourceVersionDate "2011.11.24"]
[SourceQuality "1"]
[WhiteTeam "Veszprem"]
[BlackTeam "HVSE Infraplan"]
[WhiteTeamCountry "HUN"]
[BlackTeamCountry "HUN"]

1. e4 e5 2. Nf3 Nc6 3. Bc4 Bc5 4. d3 Qe7 5. Nc3 d6 6. Nd5 Qd8 7. Bg5 f6 8. Be3 Bg4 9. h3 Bh5 10. g4 Bf7 11. Qd2 Bxd5 12. Bxd5 Nge7 13. Be6 Bxe3 14. fxe3 d5 15. exd5 Nxd5 16. Bxd5 Qxd5 17. e4 Qc5 18. 0-0-0 0-0-0 19. a3 Rd7 20. g5 fxg5 21. Qxg5 Rf8 22. Rhf1 Rf6 23. Kb1 Rg6 24. Qd2 Rf6 25. Rc1 Kd8 26. Ng5 Nd4 27. Rxf6 gxf6 28. Qg2 fxg5 29. Qxg5+ Qe7 0-1

[Event "HUN-chT2 Szechenyi 0809"]
[Site "Hungary"]
[Date "2009.02.22"]
[Round "8.10"]
[White "Pal, Csanad"]
[Black "Lippert, Ferenc"]
[Result "1-0"]
[WhiteElo "1819"]
[BlackElo "1769"]
[PlyCount "43"]
[EventDate "2008.10.26"]
[EventType "team-tourn"]
[EventRounds "11"]
[EventCountry "HUN"]
[SourceTitle "EXT 2010"]
[Source "ChessBase"]
[SourceDate "2010.11.25"]
[SourceVersion "1"]
[SourceVersionDate "2010.11.25"]
[SourceQuality "1"]
[WhiteTeam "Haladas"]
[BlackTeam "Flesch"]
[WhiteTeamCountry "HUN"]
[BlackTeamCountry "HUN"]

1. e4 e5 2. Nf3 Nc6 3. d4 exd4 4. Bc4 Nf6 5. e5 d5 6. Bb5 Ne4 7. Nxd4 Bd7 8. Nxc6 Bxc6 9. Bxc6+ bxc6 10. 0-0 Bc5 11. Nd2 Nxf2 12. Rxf2 Bxf2+ 13. Kxf2 0-0 14. Nf3 f6 15. e6 Qe7 16. Nd4 c5 17. Nf5 Qxe6 18. Qg4 Kf7 19. Bf4 Rg8 20. Re1 Qb6 21. Re7+ Kf8 22. Qh5 1-0